Čiastkový návrh informačného systému pre správu dokumentácie

Saved in:
Bibliographic Details
Main Author: Zvonár, Roman, 1985- (Author)
Other Authors: Tanuška, Pavol, 1966- (Thesis advisor)
Format: Manuscript Book
Language:Slovak
Published: STU v Bratislave MTF UIAM, 2010
Subjects:
Online Access:VAIS
Tags: Add Tag
No Tags, Be the first to tag this record!

MARC

LEADER 00000ntm a22000003a 4500
001 stu207509
005 20160719160315.4
008 100715s2010------------------------slo-d
040 |a STU  |b slo 
041 0 |a slo 
100 1 |a Zvonár, Roman,  |d 1985-  |4 aut  |X 57389  |7 A000057389 
242 0 0 |a Partial draft of the information management system documentation  |y eng 
245 1 |a Čiastkový návrh informačného systému pre správu dokumentácie 
260 |b STU v Bratislave MTF UIAM,  |c 2010 
650 7 |a BPMN  |2 stusub 
650 7 |a UML  |2 stusub 
650 7 |a database  |2 estusub 
650 7 |a informačný systém  |2 stusub 
650 7 |a BPMN  |2 stusub 
650 7 |a UML  |2 stusub 
650 7 |a databáza  |2 stusub 
650 7 |a information system  |2 estusub 
700 1 |a Tanuška, Pavol,  |d 1966-  |4 ths  |u M6000  |U MTF Materiálovotechnologická fakulta  |T MTF Ústav aplikovanej informatiky, automatizácie a matematiky  |X 248  |U M6000  |Y 86  |7 A000000248 
856 4 |a info a plný text  |u http://is.stuba.sk/zp/portal_zp.pl?podrobnosti=75192  |3 VAIS 
996 |c M*DP-9294  |l MMSKP  |s P  |a 0  |w stu207509_0001